000 00426nam a2200181Ia 4500
001 16045
005 20260306170240.0
008 260306t2008||||xx |||||||||||||| ||und||
041 _aESP
082 _a346.53
_bD75
100 _aDíez Picazo, Luis
_eAUT
245 0 _aEl escándalo del daño moral
260 _c2008
300 _a102 páginas :
_c18 cm.
650 _aGEN
654 _aCDE
942 _cLIB
_dJUS
_fJUS
_2ddc
_n
999 _c16045
_d16045